000 00507cam a2200181 4500
001 D15813
008 090401t1968 xxu||||| |||| 00| 0 eng d
035 _a(Sirsi) u25325
041 _aeng
110 _aRoyal Institution of Chartered Surveyors
_bScottish Branch
_9830
245 _aPresentation and format for preliminaries in a Bill of Quantity for use in Scotland
260 _bRICS
_c1968
300 _a18p
350 _a0
520 _aFiled in box 1968/41 AB
942 _n0
948 _c04/03/1997
999 _c88720
_d88720